[Event "BAN-chT Golden Jubilee 2021-22"]
[Site "Dhaka"]
[Date "2022.03.20"]
[Round "11.2"]
[White "Idani, Pouya"]
[Black "Ghosh, Diptayan"]
[Result "1-0"]
[WhiteElo "2621"]
[BlackElo "2541"]
[Annotator "TA"]
[PlyCount "103"]
[EventDate "2022.03.10"]
[EventType "team-tourn"]
[EventCountry "BAN"]
[SourceTitle "playchess.com"]
[Source "ChessBase"]
[SourceQuality "1"]

{[%evp 24,103,0,0,0,-18,18,16,15,28,30,0,0,0,0,-9,12,0,28,36,25,32,46,22,30,21,31,33,27,36,46,21,34,17,28,25,49,28,60,62,95,79,172,154,155,48,191,185,190,185,140,156,341,355,318,0,0,0,43,0,0,-8,0,0,0,0,0,0,0,0,0,0,0,0,29943,6121,5069,5591,3391,2335,1343,1064]} 1. e4 c6 2. d4 d5 3. Nd2 dxe4 4. Nxe4 Bf5 5. Ng3 Bg6 6. h4 h6 7. Nf3 Nd7 8. h5 Bh7 9. Bd3 Bxd3 10. Qxd3 e6 11. Bd2 Ngf6 12. O-O-O Be7 13. Kb1 Qb6 {B19: Classical Caro-Kann: 4...Bf5 main line.} 14. Nh4 O-O-O 15. c4 Kb8 {[#] The position is equal.} 16. Bc3 $146 ({Predecessor:} 16. Bf4+ Ka8 17. Nf3 Rhe8 18. Qc2 Ng4 19. c5 Qb5 20. Ne4 Ndf6 21. Nc3 Qa5 22. Rh4 {½-½ (35) Mamedov,R (2703)-Donchenko,A (2600) Moscow 2019}) 16... Bb4 {[%cal Od7e5]} 17. Nf3 {To avoid Ne5} (17. c5 $5 {[%cal Rc5b6]} Qa5 18. Bxb4 Qxb4 19. Qc2 $11) 17... Bxc3 18. Qxc3 Qc7 19. Rhe1 Qf4 20. a3 Qc7 21. Ne5 Rhf8 22. b4 Nb6 23. f4 Nc8 24. Qc2 Nd6 25. Re3 Qc8 26. Rb3 Ka8 27. a4 Nf5 28. Ne2 Nd7 29. Rbd3 Ne7 30. Nc3 Qc7 31. g3 Nf5 32. a5 {White is more active.} f6 (32... Nd6 $16 {was necessary.}) 33. Ng6 $18 Rfe8 {[#]} 34. g4 ({White should try} 34. d5 $1 $16 {[%cal Rd5e6]} e5 35. fxe5 Nxe5 36. Nxe5 fxe5 37. dxc6) 34... Ne7 (34... Nd6 $14) 35. Nxe7 Rxe7 {[#]} 36. d5 $1 exd5 37. cxd5 {aiming for d6.} Qxf4 (37... Qd6 $16) 38. Rd4 Qf3 39. a6 $2 ({White must play} 39. dxc6 $18 {Threatens to win with Nd5.} Qxc6 40. b5) 39... c5 $11 (39... bxa6 $2 40. R4d3 Qxg4 41. dxc6 Qxb4+ 42. Ka1 Qa5+ 43. Na4 $18) 40. axb7+ Kxb7 {[#]} (40... Kb8 $1 $11 41. d6 Re3) 41. Nb5 $1 a6 (41... Re3 42. Qa4) 42. R4d3 $132 {[%mdl 2048] White is not keeping still} ({Much weaker is} 42. Nd6+ Ka7 43. b5 (43. bxc5 Re2 $15) 43... Re3 $15) 42... Qf4 43. bxc5 {And now c6+ would win.} axb5 44. c6+ Kc8 $1 {Strongly threatening ...Nb6.} (44... Kb8 $2 45. d6 Re5 46. c7+ Kc8 47. cxd8=Q+ Kxd8 48. Qc7+ Ke8 49. Qc8+ Kf7 50. Qxd7+ $18) 45. d6 {The board is on fire.} Re4 (45... Qb4+ $2 46. Rb3 Re4 47. Rxb4 Rxb4+ 48. Ka2 $18) 46. cxd7+ Kxd7 {...Rc8 is the strong threat.} 47. Qc7+ Ke8 {White must now prevent ...Rb4+.} 48. Rd4 {Qc6+ would kill now.} (48. Qxg7 Rb4+ 49. Kc2 Qc4+ 50. Kd2 Rb2+ 51. Ke3 Qe6+ 52. Kf4 Qe5+ 53. Kf3 Qe2+ 54. Kf4 Qf2+ 55. Rf3 Rb4+ 56. Kf5 Qxf3+ 57. Kg6 Rxg4+ 58. Kh7 Rxg7+ 59. Kxg7 Rd7+ 60. Kh8 Qxd1 61. Kg8 Qg4+ 62. Kh8 Qg7#) 48... Qe3 $2 {[%mdl 8192]} (48... Qf3 $11) 49. Qc6+ Kf8 {White is clearly winning.} 50. Rxe4 Qb3+ 51. Kc1 {White wants to mate with Qc5.} Qa3+ 52. Kc2 {Weighted Error Value: White=0.22 (precise) /Black=0.37} 1-0

[Event "BAN-chT Golden Jubilee 2021-22"]
[Site "Dhaka"]
[Date "2022.03.20"]
[Round "11.3"]
[White "Shyam, Sundar M."]
[Black "Mchedlishvili, Mikheil"]
[Result "1/2-1/2"]
[WhiteElo "2528"]
[BlackElo "2587"]
[Annotator "TA"]
[PlyCount "58"]
[EventDate "2022.03.10"]
[EventType "team-tourn"]
[EventCountry "BAN"]
[SourceTitle "playchess.com"]
[Source "ChessBase"]
[SourceQuality "1"]

{[%evp 16,58,14,15,29,14,23,11,20,14,12,4,12,0,0,0,0,0,0,0,0,0,0,0,18,18,14,16,18,0,0,0,0,0,0,0,12,0,0,0,10,0,0,0,7]} 1. d4 d5 2. c4 c6 3. Nc3 Nf6 4. cxd5 cxd5 5. Bf4 Nc6 6. e3 a6 7. Bd3 Bg4 8. Nge2 e6 9. Rc1 Bd6 {D10: Slav Defence: 3 cxd5 (without early Nf3) and 3 Nc3.} 10. Bxd6 Qxd6 11. O-O O-O {The position is equal.} 12. Na4 e5 13. dxe5 Nxe5 {[#]} 14. f3 $146 ({Predecessor:} 14. Nac3 Rad8 15. Qc2 Bc8 16. h3 Qb4 17. Bf5 Be6 18. Nd4 Rfe8 19. Rfd1 g6 20. Bd3 {½-½ (29) Mkrtchian,L (2389)-Kharitonov,A (2472) Moscow 2005}) 14... Bd7 15. Nc5 Rac8 16. Nxd7 Qxd7 17. Qd2 g6 18. Rfd1 Rxc1 19. Rxc1 Rc8 20. Rc3 Rxc3 21. Qxc3 Qd6 22. a3 Ne8 23. Nf4 Nc7 24. Bf1 Nc6 25. Qd2 Ne7 26. Qc3 Nc6 27. Qd2 Ne7 28. Qc3 Nc6 29. Qd2 Ne7 {An even fight not without its subleties.  Weighted Error Value: White=0.04 (flawless) /Black=0.02 (flawless)} 1/2-1/2

[Event "BAN-chT Golden Jubilee 2021-22"]
[Site "Dhaka"]
[Date "2022.03.20"]
[Round "11.4"]
[White "Hossain, Enamul"]
[Black "Ahmed, Shafiq"]
[Result "1-0"]
[WhiteElo "2410"]
[BlackElo "2106"]
[Annotator "RC"]
[PlyCount "67"]
[EventDate "2022.03.10"]
[EventType "team-tourn"]
[EventCountry "BAN"]
[SourceTitle "playchess.com"]
[Source "ChessBase"]
[SourceQuality "1"]
[TimeControl "40/5400+30:1800+30"]

1. e4 {[%emt 0:00:50]} e6 {[%emt 0:00:16]} 2. d3 {[%emt 0:01:17]} d5 {[%emt 0:00:26]} 3. Qe2 {[%emt 0:00:14]} Be7 {[%emt 0:09:35]} 4. Nf3 {[%emt 0:00:27]} Nf6 {[%emt 0:00:38]} 5. g3 {[%emt 0:00:17]} O-O {[%emt 0:00:49]} 6. Bg2 {[%emt 0:00:07]} c5 {[%emt 0:00:51]} 7. O-O {[%emt 0:00:10]} Nc6 {[%emt 0:00:07]} 8. e5 {[%emt 0:00:15]} Nd7 {[%emt 0:00:15]} 9. c4 {[%emt 0:00:14]} Nb6 {[%emt 0:08:52]} 10. Bf4 {[%emt 0:12:38]} Kh8 {[%emt 0:02:36]} 11. h4 {[%emt 0:02:38]} f6 {[%emt 0:00:59]} 12. Na3 {[%emt 0:09:15]} d4 {[%emt 0:14:33]} 13. Nb5 {[%emt 0:03:48]} f5 {[%emt 0:18:35]} 14. b3 {[%emt 0:08:00]} Bd7 {[%emt 0:06:44]} 15. Rfe1 {[%emt 0:07:38]} Be8 {[%emt 0:01:07]} 16. Ng5 {[%emt 0:03:11]} Qd7 {[%emt 0:02:15]} 17. a4 {[%emt 0:06:41]} h6 {[%emt 0:02:56]} 18. Nxe6 {[%emt 0:03:15]} Qxe6 {[%emt 0:03:57]} 19. a5 {[%emt 0:00:07]} Bd8 {[%emt 0:02:18]} 20. axb6 {[%emt 0:00:42]} Bxb6 {[%emt 0:00:12]} 21. Bd5 {[%emt 0:01:02]} Qg6 {[%emt 0:01:43]} 22. e6 {[%emt 0:00:29]} Rf6 {[%emt 0:03:36]} 23. Nd6 {[%emt 0:02:14]} Ne7 {[%emt 0:11:04]} 24. Bxb7 {[%emt 0:04:00]} Rd8 {[%emt 0:04:08]} 25. Bf3 {[%emt 0:01:57]} Rxd6 {[%emt 0:02:02]} 26. Bxd6 {[%emt 0:00:02]} Nc6 {[%emt 0:00:16]} 27. h5 {[%emt 0:01:18]} Qh7 {[%emt 0:00:32]} 28. Bxc6 {[%emt 0:00:47]} Bxc6 {[%emt 0:00:05]} 29. Be7 {[%emt 0:00:15]} f4 {[%emt 0:02:15]} 30. Bxf6 {[%emt 0:00:12]} gxf6 {[%emt 0:00:02]} 31. e7 {[%emt 0:00:10]} Be8 {[%emt 0:00:19]} 32. Qe6 {[%emt 0:01:15]} Qg7 {[%emt 0:00:33]} 33. Qc8 {[%emt 0:00:16]} Qg8 {[%emt 0:01:18]} 34. b4 {[%emt 0:00:32]} 1-0

[Event "BAN-chT Golden Jubilee 2021-22"]
[Site "Dhaka"]
[Date "2022.03.20"]
[Round "11.5"]
[White "Abu Sufian, Shakil"]
[Black "Mehdi Hasan Parag"]
[Result "1/2-1/2"]
[WhiteElo "2232"]
[BlackElo "2258"]
[Annotator "ChessBase"]
[PlyCount "140"]
[EventDate "2022.03.10"]
[EventType "team-tourn"]
[EventCountry "BAN"]
[SourceTitle "playchess.com"]
[Source "ChessBase"]
[SourceQuality "1"]
[TimeControl "40/5400+30:1800+30"]

1. e4 {[%emt 0:06:41]} e5 {[%emt 0:00:39]} 2. Nf3 {[%emt 0:00:04]} Nc6 {[%emt 0:00:09]} 3. Bb5 {[%emt 0:00:22]} a6 {[%emt 0:00:07]} 4. Ba4 {[%emt 0:01:09]} Nf6 {[%emt 0:00:06]} 5. O-O {[%emt 0:00:07]} Be7 {[%emt 0:00:08]} 6. d3 {[%emt 0:01:54]} b5 {[%emt 0:00:29]} 7. Bb3 {[%emt 0:00:01]} d6 {[%emt 0:00:26]} 8. a4 {[%emt 0:00:15]} Bb7 {[%emt 0:01:30]} 9. c3 {[%emt 0:04:12]} O-O {[%emt 0:00:17]} 10. Nbd2 {[%emt 0:00:37]} Na5 {[%emt 0:01:51]} 11. Ba2 {[%emt 0:01:47]} c5 {[%emt 0:00:25]} 12. Re1 {[%emt 0:00:36]} Nc6 {[%emt 0:00:16]} 13. Nf1 {[%emt 0:00:47]} h6 {[%emt 0:02:53]} 14. Ng3 {[%emt 0:03:20]} Rb8 {[%emt 0:02:16]} 15. axb5 {[%emt 0:02:51]} axb5 {[%emt 0:00:05]} 16. Nf5 {[%emt 0:00:15]} Bc8 {[%emt 0:02:39]} 17. Nxe7+ {[%emt 0:02:01]} Qxe7 {[%emt 0:00:21]} 18. h3 {[%emt 0:01:36]} Be6 {[%emt 0:01:25]} 19. Bb1 {[%emt 0:01:26]} Ra8 {[%emt 0:01:07]} 20. Rxa8 {[%emt 0:00:06]} Rxa8 {[%emt 0:00:13]} 21. d4 {[%emt 0:06:47]} Ra1 {[%emt 0:02:35]} 22. Bd3 {[%emt 0:03:16]} cxd4 {[%emt 0:02:51]} 23. Bxb5 {[%emt 0:10:25]} dxc3 {[%emt 0:02:41]} 24. bxc3 {[%emt 0:00:26]} Na5 {[%emt 0:04:26]} 25. Qc2 {[%emt 0:07:12]} Qc7 {[%emt 0:18:45]} 26. Bd2 {[%emt 0:04:48]} Ra2 {[%emt 0:03:10]} 27. Qb1 {[%emt 0:00:22]} Nb7 {[%emt 0:01:58]} 28. c4 {[%emt 0:03:14]} Ra8 {[%emt 0:00:10]} 29. Be3 {[%emt 0:00:38]} Nc5 {[%emt 0:02:14]} 30. Nd2 {[%emt 0:00:49]} Qc8 {[%emt 0:07:32]} 31. f3 {[%emt 0:02:50]} Nh5 {[%emt 0:00:58]} 32. Nb3 {[%emt 0:04:51]} Bxh3 {[%emt 0:09:49]} 33. Nxc5 {[%emt 0:00:14]} dxc5 {[%emt 0:00:15]} 34. Qb2 {[%emt 0:00:51]} Nf4 {[%emt 0:16:41]} 35. Bxf4 {[%emt 0:00:41]} exf4 {[%emt 0:00:02]} 36. gxh3 {[%emt 0:00:05]} Qxh3 {[%emt 0:00:34]} 37. Qg2 {[%emt 0:00:14]} Qh4 {[%emt 0:00:20]} 38. Rd1 {[%emt 0:01:00]} Qf6 {[%emt 0:00:48]} 39. Kf1 {[%emt 0:04:29]} Ra3 {[%emt 0:02:32]} 40. Qg4 {[%emt 0:00:00]} g5 {[%emt 0:00:00]} 41. Be8 {[%emt 0:18:34]} Kg7 {[%emt 0:09:36]} 42. Bxf7 {[%emt 0:03:49]} Ra1 {[%emt 0:05:43]} 43. Rxa1 {[%emt 0:06:28]} Qxa1+ {[%emt 0:00:04]} 44. Kg2 {[%emt 0:00:04]} Qb2+ {[%emt 0:01:17]} 45. Kh3 {[%emt 0:00:59]} Kxf7 {[%emt 0:03:56]} 46. Qd7+ {[%emt 0:00:18]} Kg6 {[%emt 0:04:54]} 47. Qf5+ {[%emt 0:00:51]} Kg7 {[%emt 0:00:14]} 48. e5 {[%emt 0:02:14]} Qb7 {[%emt 0:02:09]} 49. Qf6+ {[%emt 0:02:48]} Kg8 {[%emt 0:02:15]} 50. Kg4 {[%emt 0:02:45]} Qg7 {[%emt 0:01:15]} 51. Qd8+ {[%emt 0:00:16]} Qf8 {[%emt 0:00:52]} 52. Qd5+ {[%emt 0:00:15]} Kg7 {[%emt 0:00:50]} 53. Qd7+ {[%emt 0:03:02]} Kg6 {[%emt 0:01:36]} 54. Qc6+ {[%emt 0:01:10]} Kg7 {[%emt 0:00:54]} 55. Qd5 {[%emt 0:04:01]} Qf7 {[%emt 0:04:09]} 56. e6 {[%emt 0:00:50]} h5+ {[%emt 0:03:51]} 57. Kh3 {[%emt 0:03:00]} Qe7 {[%emt 0:00:33]} 58. Qe5+ {[%emt 0:00:26]} Kg6 {[%emt 0:00:49]} 59. Kg2 {[%emt 0:00:32]} Kh7 {[%emt 0:04:00]} 60. Kf2 {[%emt 0:01:25]} Kg6 {[%emt 0:00:17]} 61. Kg2 {[%emt 0:02:15]} g4 {[%emt 0:00:31]} 62. Qe4+ {[%emt 0:01:28]} Kg5 {[%emt 0:00:42]} 63. Qe5+ {[%emt 0:00:06]} Kg6 {[%emt 0:00:07]} 64. Qe4+ {[%emt 0:00:07]} Kf6 {[%emt 0:01:24]} 65. fxg4 {[%emt 0:01:21]} hxg4 {[%emt 0:00:14]} 66. Qxf4+ {[%emt 0:00:04]} Kxe6 {[%emt 0:00:11]} 67. Qxg4+ {[%emt 0:00:04]} Kd6 {[%emt 0:00:11]} 68. Kf3 {[%emt 0:00:50]} Qe5 {[%emt 0:01:27]} 69. Qf4 {[%emt 0:01:46]} Ke6 {[%emt 0:00:17]} 70. Qxe5+ {[%emt 0:00:08]} Kxe5 {[%emt 0:05:29]} 1/2-1/2

[Event "BAN-chT Golden Jubilee 2021-22"]
[Site "Dhaka"]
[Date "2022.03.20"]
[Round "11.6"]
[White "Erigaisi Arjun"]
[Black "Zia, Tahsin Tajwar"]
[Result "1-0"]
[WhiteElo "2633"]
[BlackElo "2283"]
[Annotator "TA"]
[PlyCount "71"]
[EventDate "2022.03.10"]
[EventType "team-tourn"]
[EventCountry "BAN"]
[SourceTitle "playchess.com"]
[Source "ChessBase"]
[SourceQuality "1"]

{[%evp 9,71,6,-12,-35,107,101,198,194,193,186,233,204,233,129,121,131,131,108,129,110,106,103,106,100,181,181,216,199,265,141,141,152,236,190,199,188,192,188,229,244,245,249,241,246,243,243,232,172,262,221,202,203,219,212,235,242,276,274,264,262,360,362,347,341]} 1. e4 c6 2. d4 d5 3. f3 {[%cal Bf2f3,Bf3e4][%mdl 32]} Qb6 4. Nc3 dxe4 5. Bc4 Nf6 (5... Qb4 6. Qe2 $14) 6. Qe2 {[#] B12: Caro-Kann: Advance Variation.} h5 $146 (6... Qxd4 $15 {keeps the upper hand.} 7. Be3 Qd8) ({Predecessor:} 6... Qxd4 7. Be3 Qd8 8. fxe4 Bg4 9. Nf3 e6 10. O-O Nbd7 11. Qf2 Bd6 12. Rad1 Qc7 13. Rxd6 Qxd6 {½-½ (44) Heberla,B (2487)-Mchedlishvili,M (2568) Kusadasi 2006}) 7. fxe4 $16 e5 (7... Bg4 $16 8. Qf2 e5) 8. dxe5 $18 {White is clearly better.} Ng4 9. Nf3 {And now h3 would win.} Nd7 (9... Bc5 $142 10. Rf1 Nd7) 10. e6 fxe6 11. Bxe6 ({Only move:} 11. e5 $1 $18) 11... Nde5 12. Bxc8 Rxc8 13. h3 $1 Nxf3+ 14. gxf3 {[%cal Bg2f3,Bf3f4][%mdl 32]} Ne5 15. f4 $36 {[%mdl 2048] White is on the roll.} Be7 {[%cal Oe8g8]} 16. Kf1 {[%cal Be1f1,Bf1g2,Bg2h1][%mdl 32]} (16. fxe5 Bh4+ 17. Kd1 (17. Kf1 O-O+) 17... Rd8+ 18. Bd2 Qxb2 $17) 16... Bh4 17. Kg2 (17. fxe5 O-O+) 17... O-O 18. Rf1 c5 (18... Rf7 $142 19. Rb1 (19. fxe5 Rxf1 20. Be3 Qxb2 $11) (19. Qxh5 g5 $18) 19... Rcf8) 19. Nd5 ({Don't do} 19. fxe5 Rxf1 20. Qxf1 Rf8 $18) ({Better is} 19. Qxh5 $18 Qg6+ 20. Qxg6 Nxg6 21. Be3) 19... Qg6+ $16 20. Kh1 {Hoping for Rg1.} Nc6 (20... Qg3 $16 {was necessary.} 21. Qg2 (21. fxe5 Qxh3+ 22. Kg1 Qg3+ 23. Kh1 Qh3+ 24. Kg1 Qg3+ 25. Kh1 Qh3+ $11) 21... Qxg2+ 22. Kxg2 Nc4) 21. Rg1 Nd4 {...Qxg1+ is the strong threat.} 22. Rxg6 Nxe2 {[#]} 23. Rg2 $1 Ng3+ {[#]} (23... Nxc1 $142 24. Rxc1 Rce8) 24. Rxg3 $1 $18 {[%mdl 512]} Bxg3 25. Ne7+ Kf7 26. Nxc8 Rxc8 {[%mdl 4096] Endgame [#] KRB-KRB} 27. Kg2 $1 Bh4 28. Be3 b6 (28... Rc6 $142 29. Kf3 Rg6) 29. Rd1 {Black must now prevent Rd7+.} Rd8 30. Rg1 g6 31. Kf3 Kf6 32. a4 a5 33. Ra1 Ke6 34. Ke2 Bf6 35. Rg1 Rg8 36. Kf3 {Weighted Error Value: White=0.14 (very precise) /Black=0.38} 1-0

[Event "BAN-chT Golden Jubilee 2021-22"]
[Site "Dhaka"]
[Date "2022.03.20"]
[Round "11.7"]
[White "Puranik, Abhimanyu"]
[Black "Gukesh D"]
[Result "1-0"]
[WhiteElo "2618"]
[BlackElo "2614"]
[Annotator "TA"]
[PlyCount "103"]
[EventDate "2022.03.10"]
[EventType "team-tourn"]
[EventCountry "BAN"]
[SourceTitle "playchess.com"]
[Source "ChessBase"]
[SourceQuality "1"]

{[%evp 17,103,0,0,7,16,-5,8,6,0,0,2,0,14,20,35,40,48,35,48,45,53,52,163,178,171,172,193,155,180,183,185,186,182,178,183,159,150,118,134,128,114,129,136,127,140,122,127,136,135,133,143,131,179,189,181,179,172,172,197,154,135,129,134,132,168,161,160,164,169,160,158,168,161,143,444,463,449,429,453,350,434,446,593,593,585,585,568,549]} 1. e4 e6 2. d4 d5 3. e5 c5 4. c3 Nc6 5. Nf3 Bd7 6. Be2 Nge7 7. Na3 {[%cal Bb1a3,Ba3c2,Bc2e3][%mdl 32]} cxd4 8. cxd4 Nf5 9. Nc2 Be7 10. O-O {C02: French: Advance Variation.} O-O 11. Ne3 Nh4 12. Nxh4 {The position is equal.} Bxh4 {[#]} 13. Ng4 $146 ({Predecessor:} 13. f4 Qb6 14. Nc2 Be7 15. Kh1 f5 16. b3 Nb4 17. Nxb4 Bxb4 18. Qd3 a6 19. a4 {½-½ (76) Yuan,Y (2146)-Masse,H (2196) Montreal 2008}) 13... Be7 14. Bd3 Kh8 15. Re1 f5 16. exf6 $1 Bxf6 17. Ne5 Be8 {Prevents Qh5.} 18. Qg4 Bxe5 19. dxe5 $40 {[%mdl 128] Strongly threatening Qh3. Black needs to defend precisely.} Bg6 (19... Bf7 $14) 20. Bxg6 $18 hxg6 21. Qh3+ Kg8 22. Qxe6+ Rf7 23. Qxg6 Qb6 {[#]} 24. Be3 Qxb2 {[#]} 25. e6 $1 {Really sharp!} Rf6 26. Qd3 {[%cal Oe6e7] Threatens to win with e7!} Qe5 27. Rad1 {White is more active.} Rxe6 {[%cal Od5d4]} 28. Qxd5 Qxd5 29. Rxd5 Rae8 30. Rb1 R8e7 31. h3 {[%cal Bh2h3,Bh3h4][%mdl 32]} Re4 32. g3 Rc4 33. Rb2 {Inhibits Rc2.} b6 34. Kg2 Kf7 (34... Re5 $16 {might work better.} 35. Rd7 Re7) 35. h4 Re5 36. Rd7+ Re7 37. Rbd2 Ra4 38. Bg5 ({White should try} 38. R7d5 $18) 38... Rxd7 $16 39. Rxd7+ {[%mdl 4096] Endgame KRB-KRN} Kg8 40. Bd2 {Black must now prevent Bc3.} Ne5 41. Rd8+ Kh7 42. Bc3 Nf7 43. Rd7 Kg8 44. Rd2 b5 45. h5 Ng5 $2 {[%mdl 8192] This move loses the game for Black.} (45... a6 $16 {is a better chance.} 46. Bd4 Kh7) 46. Rd8+ $18 Kh7 47. Rd7 Ne6 48. Re7 Ra6 49. Be5 {White is clearly winning.} Kh6 50. g4 {aiming for Kg3.} g6 51. hxg6 Kxg6 52. f4 {Inhibits Ng5.  Weighted Error Value: White=0.07 (flawless) /Black=0.22 (precise)} 1-0

[Event "BAN-chT Golden Jubilee 2021-22"]
[Site "Dhaka"]
[Date "2022.03.20"]
[Round "11.8"]
[White "Mohammad Fahad, Rahman"]
[Black "Mitrabha, Guha"]
[Result "1/2-1/2"]
[WhiteElo "2409"]
[BlackElo "2510"]
[Annotator "TA"]
[PlyCount "46"]
[EventDate "2022.03.10"]
[EventType "team-tourn"]
[EventCountry "BAN"]
[SourceTitle "playchess.com"]
[Source "ChessBase"]
[SourceQuality "1"]

{[%evp 11,46,1,29,29,23,15,31,22,25,29,169,157,158,0,0,0,0,0,0,0,0,0,0,0,0,0,0,0,0,0,0,0,0,0,0,0,0]} 1. e4 c6 2. d4 d5 3. exd5 cxd5 4. c4 Nf6 5. Nc3 Nc6 6. Bg5 Ne4 7. Nxe4 {B13: Caro-Kann: Exchange Variation and Panov-Botvinnik Attack.} dxe4 8. d5 Ne5 9. Qd4 {White is slightly better.} f6 10. Qxe4 {[#]} Ng4 $1 $146 {[%mdl 8] [#] A relevant novelty.} (10... Qb6 $11) ({Predecessor:} 10... Qb6 11. Bd2 Qxb2 12. Rd1 g6 13. f4 Bf5 14. Qe3 Bh6 15. Qb3 Qxb3 16. axb3 Nd3+ 17. Bxd3 Bxd3 {0-1 (44) Amin,B (2679)-Marcus,H (2630) Chess.com INT 2018}) 11. Be2 $1 $18 Nxf2 12. Bh5+ $2 (12. Kxf2 $16 fxg5 13. c5 (13. Bh5+ g6 $11)) 12... g6 $11 {The position is equal.} 13. Bxg6+ hxg6 14. Qxg6+ ({Don't go for} 14. Kxf2 $2 Bf5 15. Qd4 e5 $19) 14... Kd7 15. Qf5+ Ke8 $1 (15... Kc7 $2 16. Bf4+ Kb6 17. Be3+ Ka6 18. Qxf2 $18) 16. Qg6+ Kd7 17. Qf5+ Ke8 $1 (17... Kc7 $2 18. Bf4+ Kb6 19. Be3+ Ka6 20. Qxf2 $18) 18. Qg6+ Kd7 19. Qf5+ Ke8 $1 (19... Kc7 $2 20. Bf4+ Kb6 21. Be3+ Ka6 22. Qxf2 $18) 20. Qg6+ Kd7 21. Qf5+ Ke8 $1 (21... Kc7 $2 22. Bf4+ Kb6 23. Be3+ Ka6 24. Qxf2 $18) 22. Qg6+ Kd7 {[#] Hoping for ...Qb6.} 23. Qf5+ Ke8 $1 {Weighted Error Value: White=0.08 (flawless) /Black=0.15 (very precise)} (23... Kc7 $2 24. Bf4+ Kb6 25. Be3+ Ka6 26. Qxf2 $18) 1/2-1/2

[Event "BAN-chT Golden Jubilee 2021-22"]
[Site "Dhaka"]
[Date "2022.03.20"]
[Round "11.9"]
[White "Chowdhury, Sohel"]
[Black "Shawket Bin, Osman Shaon"]
[Result "1/2-1/2"]
[WhiteElo "2046"]
[BlackElo "2065"]
[Annotator "ChessBase"]
[PlyCount "149"]
[EventDate "2022.03.10"]
[EventType "team-tourn"]
[EventCountry "BAN"]
[SourceTitle "playchess.com"]
[Source "ChessBase"]
[SourceQuality "1"]
[TimeControl "40/5400+30:1800+30"]

1. e4 {[%emt 0:10:47]} e5 {[%emt 0:00:34]} 2. Nf3 {[%emt 0:00:26]} Nc6 {[%emt 0:00:08]} 3. Bb5 {[%emt 0:00:41]} a6 {[%emt 0:00:07]} 4. Ba4 {[%emt 0:00:05]} Nf6 {[%emt 0:00:15]} 5. O-O {[%emt 0:00:03]} b5 {[%emt 0:00:15]} 6. Bb3 {[%emt 0:00:10]} Bc5 {[%emt 0:00:08]} 7. c3 {[%emt 0:01:53]} d6 {[%emt 0:00:21]} 8. d4 {[%emt 0:01:56]} Bb6 {[%emt 0:00:06]} 9. dxe5 {[%emt 0:05:35]} Nxe5 {[%emt 0:02:43]} 10. Nxe5 {[%emt 0:01:45]} dxe5 {[%emt 0:00:09]} 11. Qxd8+ {[%emt 0:01:48]} Kxd8 {[%emt 0:00:11]} 12. Bg5 {[%emt 0:01:12]} Bb7 {[%emt 0:06:29]} 13. Nd2 {[%emt 0:00:21]} Ke7 {[%emt 0:09:14]} 14. Nf3 {[%emt 0:04:20]} h6 {[%emt 0:03:24]} 15. Bh4 {[%emt 0:01:15]} g5 {[%emt 0:08:05]} 16. Bg3 {[%emt 0:00:58]} Nxe4 {[%emt 0:02:31]} 17. Bxe5 {[%emt 0:00:23]} f6 {[%emt 0:03:16]} 18. Bd4 {[%emt 0:00:03]} c5 {[%emt 0:02:38]} 19. Be3 {[%emt 0:00:34]} Rhd8 {[%emt 0:11:33]} 20. Rfe1 {[%emt 0:03:34]} f5 {[%emt 0:06:06]} 21. Bc2 {[%emt 0:05:04]} Kf6 {[%emt 0:04:00]} 22. Bxe4 {[%emt 0:08:18]} Bxe4 {[%emt 0:03:47]} 23. Nd2 {[%emt 0:01:27]} Bd5 {[%emt 0:00:33]} 24. b4 {[%emt 0:01:19]} Rac8 {[%emt 0:06:59]} 25. Nb3 {[%emt 0:00:59]} Bxb3 {[%emt 0:09:15]} 26. axb3 {[%emt 0:00:11]} f4 {[%emt 0:02:10]} 27. Rxa6 {[%emt 0:11:15]} fxe3 {[%emt 0:05:33]} 28. Rxb6+ {[%emt 0:00:32]} Kg7 {[%emt 0:00:28]} 29. bxc5 {[%emt 0:08:11]} Rxc5 {[%emt 0:01:15]} 30. fxe3 {[%emt 0:00:54]} Rxc3 {[%emt 0:01:59]} 31. b4 {[%emt 0:06:00]} Rd2 {[%emt 0:03:47]} 32. Ra1 {[%emt 0:01:08]} Rc7 {[%emt 0:00:42]} 33. h3 {[%emt 0:02:10]} Rb2 {[%emt 0:00:34]} 34. Raa6 {[%emt 0:02:24]} Rxb4 {[%emt 0:02:00]} 35. Rxh6 {[%emt 0:01:02]} g4 {[%emt 0:02:42]} 36. Rag6+ {[%emt 0:02:53]} Kf7 {[%emt 0:00:03]} 37. Rxg4 {[%emt 0:00:29]} Rxg4 {[%emt 0:00:48]} 38. hxg4 {[%emt 0:00:03]} Rc3 {[%emt 0:01:46]} 39. Kf2 {[%emt 0:00:50]} b4 {[%emt 0:00:46]} 40. Rb6 {[%emt 0:00:00]} Rc2+ {[%emt 0:00:00]} 41. Kf3 {[%emt 0:00:38]} Rb2 {[%emt 0:00:59]} 42. g5 {[%emt 0:05:23]} b3 {[%emt 0:01:53]} 43. g3 {[%emt 0:00:37]} Rb1 {[%emt 0:00:56]} 44. Kg4 {[%emt 0:04:38]} b2 {[%emt 0:00:50]} 45. g6+ {[%emt 0:08:49]} Kg7 {[%emt 0:01:20]} 46. Kg5 {[%emt 0:00:32]} Rg1 {[%emt 0:01:15]} 47. Rb7+ {[%emt 0:00:13]} Kg8 {[%emt 0:00:02]} 48. Rxb2 {[%emt 0:02:08]} Rxg3+ {[%emt 0:00:08]} 49. Kf4 {[%emt 0:00:41]} Rxg6 {[%emt 0:00:09]} 50. Ke5 {[%emt 0:01:31]} Kf8 {[%emt 0:00:24]} 51. e4 {[%emt 0:00:43]} Ke8 {[%emt 0:00:44]} 52. Kf5 {[%emt 0:00:38]} Ra6 {[%emt 0:01:54]} 53. Rb7 {[%emt 0:00:45]} Rc6 {[%emt 0:00:18]} 54. Ra7 {[%emt 0:02:09]} Rb6 {[%emt 0:00:28]} 55. Ra5 {[%emt 0:01:20]} Rh6 {[%emt 0:01:55]} 56. e5 {[%emt 0:01:46]} Rb6 {[%emt 0:00:15]} 57. Ra7 {[%emt 0:01:09]} Rc6 {[%emt 0:00:45]} 58. Ke4 {[%emt 0:01:00]} Rb6 {[%emt 0:00:29]} 59. Kd5 {[%emt 0:00:30]} Rh6 {[%emt 0:00:06]} 60. Rc7 {[%emt 0:00:41]} Rg6 {[%emt 0:00:16]} 61. Rc8+ {[%emt 0:01:08]} Ke7 {[%emt 0:00:01]} 62. Rh8 {[%emt 0:00:08]} Ra6 {[%emt 0:00:09]} 63. Rb8 {[%emt 0:01:04]} Rh6 {[%emt 0:00:13]} 64. Rb4 {[%emt 0:01:16]} Ra6 {[%emt 0:00:09]} 65. Rb7+ {[%emt 0:00:44]} Ke8 {[%emt 0:00:01]} 66. Ke4 {[%emt 0:00:14]} Rc6 {[%emt 0:00:22]} 67. Kf5 {[%emt 0:00:10]} Ra6 {[%emt 0:00:06]} 68. Rb3 {[%emt 0:00:14]} Rc6 {[%emt 0:00:19]} 69. Rd3 {[%emt 0:00:03]} Ra6 {[%emt 0:00:10]} 70. Rd6 {[%emt 0:00:12]} Rxd6 {[%emt 0:00:10]} 71. exd6 {[%emt 0:00:34]} Kd7 {[%emt 0:00:02]} 72. Ke5 {[%emt 0:00:08]} Kd8 {[%emt 0:00:09]} 73. Ke6 {[%emt 0:00:31]} Ke8 {[%emt 0:00:01]} 74. d7+ {[%emt 0:00:11]} Kd8 {[%emt 0:00:01]} 75. Kd6 {[%emt 0:00:04]} 1/2-1/2